Central Library OPAC University of Rajshahi

Plays / (Record no. 64524)

MARC details
000 -LEADER
fixed length control field 00878nam a2200253 a 4500
001 - CONTROL NUMBER
control field 64524
003 - CONTROL NUMBER IDENTIFIER
rucl marc code BD-RjUL
005 - DATE AND TIME OF LATEST TRANSACTION
control field 20211209081322.0
008 - FIXED-LENGTH DATA ELEMENTS--GENERAL INFORMATION
fixed length control field 170215r19351909-uk |||| |||| 000 0 eng d
035 ## - SYSTEM CONTROL NUMBER
System control number (BD-RjUL)64654
040 ## - CATALOGING SOURCE
Original cataloging agency BD-RjUL
Language of cataloging eng
Transcribing agency BD-RjUL
041 ## - LANGUAGE CODE
Language code of text/sound track or separate title eng
082 ## - DEWEY DECIMAL CLASSIFICATION NUMBER
Edition number 23
Classification number 822.32
Author mark and year MAP 1941
100 1# - MAIN ENTRY--PERSONAL NAME
Personal name Marlowe, Christopher.
9 (RLIN) 191393
245 10 - TITLE STATEMENT
Title Plays /
Statement of responsibility, etc. Christopher Marlowe.
260 ## - PUBLICATION, DISTRIBUTION, ETC. (IMPRINT)
Place of publication, distribution, etc. London :
Name of publisher, distributor, etc. J.M. Dent & Sons Ltd.,
Date of publication, distribution, etc. 1909 [reprint 1941].
300 ## - PHYSICAL DESCRIPTION
Pagination xvii, 488 pages ;
Size 18 cm.
490 ## - SERIES STATEMENT
Series statement Everyman's library., Poetry and drama ; no. 383.
650 ## - SUBJECT ADDED ENTRY--TOPICAL TERM
Source of heading or term -- , -- --
Topical term or geographic name as entry element Saint Bartholomew's Day
Form subdivision Drama
General subdivision Massacre of, France
Chronological subdivision 1572
9 (RLIN) 191394
Topical term or geographic name as entry element Edward -- II
Form subdivision Drama
General subdivision King of England
Chronological subdivision 1284-1327
9 (RLIN) 191395
Source of heading or term Guise, Henri,
Form subdivision Drama.
General subdivision duc de
Chronological subdivision 1550-1588
9 (RLIN) 191396
700 ## - ADDED ENTRY--PERSONAL NAME
Personal name Christopher Marlowe.
942 ## - ADDED ENTRY ELEMENTS (KOHA)
Source of classification or shelving scheme Dewey Decimal Classification
Koha item type Books
Holdings
Lost status Source of classification or shelving scheme Damaged status Not for loan Collection code Permanent Location Current Location Shelving location Date acquired Source of acquisition Cost, normal purchase price Total Checkouts Full call number Date last seen Copy number Koha item type
  Dewey Decimal Classification   Not For Loan Non-fiction Central Library, University of Rajshahi Central Library, University of Rajshahi Reading Room 12/09/1990 Prof. Shawkat Osman 0.00   822.3 MAP 1941 15/02/2017 C-1 Books